Fotos de capitales de países - Estadísticas

Estadísticas generales
  • Esta prueba ha sido intentada 48 veces
  • La puntuación promedio es 9 de 12
Estadísticas de respuestas
Imagen Respuesta % Correcto
Londres
100%
Washington D.C
98%
Roma
95%
Madrid
93%
Moscú
93%
París
93%
Tokio
90%
Nueva Delhi
83%
Pekín
41%
Berlín
37%
Ciudad de México
32%
Rabat
24%
No se encontraron pruebas coincidentes
Distribución de puntuación
Porcentaje de gente con cada puntuación
Porcentaje por número respondido
Historial de tus puntuaciones
No has intentado esta prueba.